Nobel winners a-z - Statistics

General Stats
  • This quiz has been taken 14 times
  • The average score is 10 of 26
Answer Stats
Answer % Correct
C Polish physicist and chemist who found polonium Marie Curie
100%
E German physicist created theory of relativity Albert Einstein
86%
O Americas first black president Barack Obama
86%
D American singer and songwriter Bob Dylan
71%
K I have a dream Martin Luther King jr
71%
M South Africas first black president Nelson Mandela
71%
H American novelist who wrote the old man and the sea Ernest Hemingway
64%
B Danish physicist who created the atomic model Niels Bohr
64%
F Italian physicist who created the worlds first nuclear reactor Enrico Fermi
57%
G German poet and novelist Gunter Grass
50%
T Albanian Indian nun Mother Teresa
50%
R Father of nuclear physics Ernest Rutherford
43%
Q Italian novelist and poet Salvatore Quasimodo
43%
Y Youngest nobel prize winner Malala Yousafzai
36%
J Austrian novelist who wrote the piano teacher Elfriede Jelinek
21%
X Chinese human right activist and a literary critic Liu Xiaobo
14%
A Finnish president Martti Ahtisaari
14%
N Japanese electronic engineer Shuji Nakamura
14%
L American nuclear scientist Ernest Lawrence
7%
I One of worlds oldest international peace organization International peace bureau
7%
P Wrote general chemist Linus Pauling
7%
S He has a famous cat Erwin Schrodinger
0%
U American pioneer in isotopes Harold Urey
0%
W American economist who wrote markets and hierarchies Oliver E Williamson
0%
Z Discovered how the immune system recognizes virus infected cells Rolf M Zinkernagel
0%
V American biochemist Vincent Du Vigneaud
0%
No matching quizzes found
Score Distribution
Percent of People with Each Score
Percentile by Number Answered
Your Score History
You have not taken this quiz